| 000 | 00000nam##2200000za#4500 |
| 001 | 9.663442 |
| 003 | CaOODSP |
| 005 | 20220901164815 |
| 007 | ta |
| 008 | 150407|2001||||xxc||||| f|0| 0 fre|d |
| 040 | |aCaOODSP|bfre |
| 041 | |aeng |
| 041 | |afre |
| 043 | |an-cn--- |
| 086 | 1 |aJ2-179/1-2001-1 |
| 110 | 1 |aCanada.|bJustice Canada. |
| 245 | 10|aDroits de garde et de visite et pensions alimentaires pour enfants au Canada : |brapport sur les consultations fédérales-provinciales-territoriales: résumé / |cPréparé par IER Planning, Research and Management Services. |
| 260 | |aOttawa - Ontario : |bJustice Canada |c2001. |
| 300 | |aTexte français, 10p. ; |c28 cm. |
| 500 | |aPrésenté au Comité fédéral-provincial-territorial sur le droit de la famille. |
| 546 | |aBilingue |
| 563 | |aCouverture souple |
| 590 | |a02-02|b2002-01-11 |
| 691 | 07|aGarde des enfants|2gcpds |
| 691 | 07|aPension alimentaire|2gcpds |
| 776 | 0#|tDroits de garde et de visite et pensions alimentaires pour enfants au Canada : |w(CaOODSP)9.642053 |
| 776 | 0#|tCustody, access and child support in Canada : |w(CaOODSP)9.698057 |
| 791 | |tCustody, access and child support in Canada : |eeng|w(CaOODSP)9.663441 |